| 000 | 01003nam a2200229 a 4500 | ||
|---|---|---|---|
| 001 | 44479 | ||
| 003 | BD-RjUL | ||
| 005 | 20211209053851.0 | ||
| 008 | 160718s1962 ii |||| ||| 001 0 ben d | ||
| 020 | _c: Tk 12.00 | ||
| 035 | _a(BD-RjUL)44597 | ||
| 040 |
_aBD-RjUL _bben _cBD-RjUL |
||
| 041 | _aben | ||
| 082 |
_223 _a891.4414092 _bROB 1962 |
||
| 245 | 0 | 0 |
_aরবীন্দ্রনাথ : _bবিশ্বভারতী শ্রদ্ধাঞ্জলী / _c প্রবোধচন্দ্র সেন |
| 260 |
_aকলিকাতা : _bবিশ্বভারতী শান্তিনিকেতন, _c১৯৬২ |
||
| 300 |
_a[৮] ২৬৯ পৃ. ; _c২২ সেমি. |
||
| 600 |
_aঠাকুর, রবীন্দ্রনাথ _xজীবনী _y১৮৬১-১৯৪১ _9136589 |
||
| 600 |
_aTagore, Rabindranath _xBiography _y1861-1941. _9136590 |
||
| 700 |
_a প্রবোধচন্দ্র সেন ( সম্পাদক) _9136515 |
||
| 942 |
_2ddc _cBK |
||
| 999 |
_c44479 _d44479 |
||